[Event "Almaty Open 2018"]
[Site "Almaty"]
[Date "2018.10.16"]
[Round "1"]
[White "Abdilkhair, Abilmansur"]
[Black "Kostenko, Petr"]
[Result "1-0"]
[WhiteElo "2194"]
[BlackElo "2459"]
[Annotator "TA"]
[PlyCount "199"]
[EventDate "2018.10.16"]
[EventType "swiss"]
[EventCountry "KAZ"]
[SourceTitle "playchess.com"]
[Source "ChessBase"]
[SourceQuality "1"]

{[%evp 18,199,33,22,29,27,46,22,24,25,22,24,29,24,21,22,28,27,52,43,52,25,61,37,53,50,75,64,95,89,144,147,158,158,151,125,122,110,109,112,199,204,209,197,208,215,241,247,240,243,247,246,244,237,237,214,218,214,224,221,309,259,425,416,467,458,424,429,397,408,482,498,485,475,545,371,588,588,588,584,500,470,476,392,760,753,750,733,739,713,635,609,605,579,703,703,1842,1667,29964,29962,29967,29968,29970,29971,29972,29971,29971,29972,29972,29973,29973,29974,29974,29974,29974,29975,29976,29976,29980,29969,29973,29977,29976,29977,29977,29978,29978,29979,29979,29975,29975,29973,29973,29974,29974,29974,29974,29974,29975,29976,29976,29977,29977,29978,29978,29979,29979,29980,29980,29981,29981,29980,29982,29974,29983,29984,29984,29985,29985,29986,29987,29987,29987,29987,29988,29989,29989,29989,29990,29990,29991,29992,29994,29993,29993,29994,29994,29995,29995,29996,29996,29997,29997,4153]} 1. d4 Nf6 2. Nc3 d5 3. Bg5 e6 4. e4 dxe4 5. Nxe4 Be7 6. Nxf6+ Bxf6 7. Bxf6 Qxf6 8. Nf3 c5 9. c3 {C13: French: Classical System: 4 Bg5 Be7, Alekhine-Chatard Attack} (9. Bb5+ Bd7 10. Qe2 a6 11. Bxd7+ Nxd7 12. O-O-O O-O 13. d5 exd5 14. Rxd5 Rfe8 15. Qd3 Nb6 16. Rd6 Re6 17. Rxe6 Qxe6 {1-0 (33) Naiditsch,A (2657)-Skoberne,J (2572) Bled 2016}) 9... cxd4 10. Qxd4 {LiveBook: 10 Games} Nc6 11. Bb5 {White has an edge.} Bd7 12. Qxf6 (12. Qe4 {seems wilder.} a6 13. Ba4 Rd8 14. O-O O-O 15. Rfd1) 12... gxf6 13. O-O-O O-O-O $146 ({Predecessor:} 13... a6 14. Ba4 Rc8 15. Rhe1 b5 16. Bc2 Rc7 {1-0 (69) Hall,D (2088)-Okike,D (2180) Sunningdale 2007}) 14. Rhe1 a6 15. Ba4 Kc7 16. Re3 Rdg8 17. g3 Rg4 18. Bc2 h5 19. Nd2 Ne7 20. Ne4 Nd5 21. Rxd5 exd5 22. Nxf6 {Black must now prevent Re7.} Be6 23. f4 $1 $36 {[%mdl 2048] Keeping Black busy.} Rg7 {[#]} ({Black should try} 23... Kd6) 24. f5 $1 $16 {[%cal Rf5e6]} Kd6 25. fxe6 fxe6 26. c4 Rf7 27. c5+ $1 Kxc5 28. Rxe6 Rhf8 (28... Kd4 $16) 29. Nxh5 $18 Rf2 30. h4 Rg2 {...Rf1+ is the strong threat.} 31. Re3 d4 {( -> ...Rf1+)} 32. Rd3 Rff2 33. Bb3 Rxb2 34. Nf4 Rh2 35. Ne6+ Kb6 36. Nxd4 ({Don't take} 36. Rxd4 $6 Rbg2 $16) 36... Rbg2 37. Nf5 Ka5 38. Bd5 Rc2+ {[#]} 39. Kd1 $1 Rcf2 $2 (39... b5 40. Nd4 Rcf2 41. Nb3+ Kb6) 40. Ne3 b5 41. Ke1 Rb2 42. Nf1 Rhe2+ 43. Kd1 Re5 {White should prevent ...Rb1+.} 44. Nd2 Rb4 45. Bf3 Rb2 46. Ra3+ Kb6 (46... Kb4 $142) 47. Rb3 Rxb3 48. axb3 Kc5 49. Be4 Re6 50. Bf5 Re8 $2 (50... Rd6 51. g4 a5) 51. g4 Kd4 52. Ne4 a5 53. Kc2 Ke5 54. h5 {[%cal Bh4h5,Bh5h6,Bh6h7][%mdl 32]} Rh8 55. Nc3 b4 56. Ne4 Ra8 57. h6 a4 58. bxa4 {White mates.} Rxa4 59. h7 Ra8 60. Kb3 Rb8 61. Ng5 Kf6 62. Ne6 Ke5 63. Nc5 Re8 64. Nd7+ Kf4 65. Nf6 Rh8 66. Kxb4 Kg5 67. Ne4+ Kh6 68. Nc5 Kg5 69. Kc4 Rxh7 70. Ne4+ Kf4 71. Bxh7 Kxg4 72. Bg6 Kf3 73. Kd4 Kf4 74. Nd2 Kg5 75. Be4 Kf6 76. Nf3 Ke6 77. Kc5 Kf6 78. Kd6 Kf7 79. Ke5 Kg7 80. Ke6 Kf8 81. Ne5 Kg7 82. Nf7 Kf8 83. Kf6 Kg8 84. Bg6 Kf8 85. Bh7 Ke8 86. Ne5 Kd8 87. Be4 Ke8 88. Bd5 Kd8 89. Ke6 Ke8 90. Nd7 Kd8 91. Kd6 Ke8 92. Bc4 Kd8 93. Bf7 Kc8 94. Nc5 Kb8 95. Kc6 Kc8 96. Nb7 Kb8 97. Kb6 Kc8 98. Be6+ Kb8 99. Nc5 Ka8 100. Bh3 {Precision: White = 88%, Black = 48%.} 1-0

[Event "Almaty Open 2018"]
[Site "Almaty"]
[Date "2018.10.17"]
[Round "2"]
[White "Stupak, Kirill"]
[Black "Askarov, Bakhtiyar"]
[Result "1-0"]
[WhiteElo "2583"]
[BlackElo "2428"]
[Annotator "TA"]
[PlyCount "159"]
[EventDate "2018.10.16"]
[EventType "swiss"]
[EventCountry "KAZ"]
[SourceTitle "playchess.com"]
[Source "ChessBase"]
[SourceQuality "1"]

{[%evp 17,159,42,42,35,36,39,27,29,50,52,47,41,51,44,56,35,46,31,52,25,40,39,62,17,17,12,7,-27,-25,-42,12,-27,3,-29,-33,-39,0,0,0,0,0,0,0,0,33,27,25,25,32,31,31,22,16,11,36,27,29,29,24,25,27,0,27,0,30,30,35,22,28,25,33,16,53,47,53,0,72,72,73,81,73,73,79,81,120,120,120,120,120,83,120,120,580,577,439,104,104,104,104,104,1115,33,33,33,29941,29940,29936,29942,12845,1014,879,0,10876,6714,6095,0,879,0,879,431,1028,645,29957,29958,29959,29960,29960,29959,29966,29966,29968,29969,29969,29970,29971,29972,29972,29972,29971,29972,29974,29975,29974,0]} 1. d4 Nf6 2. c4 g6 3. Nc3 Bg7 4. e4 O-O 5. f3 c6 6. Be3 d5 7. cxd5 cxd5 8. e5 {E70: King's Indian: Miscellaneous lines with 4 e4, including 5 Nge2 and 5 Bd3 0-0 6 Nge2} Ne8 9. Bd3 (9. h4 f6 10. f4 h5 11. Bd3 Nc6 12. Bxg6 Bg4 13. Nge2 Bh6 14. Qd2 Ng7 15. Bc2 e6 {½-½ (35) Vitiugov,N (2724)-Jobava,B (2714) Helsingor 2017}) 9... Nc6 {LiveBook: 9 Games} 10. f4 {White is slightly better.} f6 11. Nf3 Bh6 12. O-O Ng7 13. Qb3 fxe5 14. Nxe5 Be6 $146 {[#] aiming for ...Nxe5.} 15. Rad1 Qb6 16. Qxb6 axb6 17. g3 Rfd8 {Strongly threatening ...Nxe5.} 18. Bc2 Nf5 19. Bf2 Bg7 20. Nf3 Nd6 21. Bb3 Bg4 22. Kg2 e6 23. Rfe1 Nf5 ({Black should play} 23... b5 $15) 24. Ne2 Na5 (24... Bxf3+ $5 25. Kxf3 Nd6 $11) 25. h3 Bxf3+ $1 26. Kxf3 Nc4 27. Bxc4 dxc4 28. g4 Ne7 29. Bh4 Kf7 30. a3 Bf6 31. Bxf6 Kxf6 32. Nc3 Kf7 33. Re5 Nc6 34. Re4 Ra5 35. Ke3 h5 36. Kf3 Rd7 37. Rd2 Rd8 38. Kg3 Rd6 39. Kf3 Rd8 40. Kg3 Kf6 41. Kg2 Kf7 42. Kf3 Kf6 43. Ke2 Kf7 44. Kd1 hxg4 45. hxg4 g5 46. Ne2 (46. Ke2 $14) 46... gxf4 (46... Rad5 $11 {keeps the balance.}) 47. Nxf4 $16 e5 48. d5 c3 49. bxc3 exf4 50. Rxf4+ Kg6 51. dxc6 Rxd2+ 52. Kxd2 bxc6 {[%mdl 4096] Endgame KR-KR} 53. a4 Kg5 54. Rb4 Rd5+ $2 {[%mdl 8192]} (54... c5 $16 55. Re4 (55. Rxb6 Rxa4 56. Rc6 Rxg4 $11) 55... Ra8) 55. Kc2 $18 b5 56. axb5 $2 (56. a5 $18 {Threatens to win with a6.} Rd7 57. c4) 56... cxb5 $16 57. Kb3 Re5 58. Rd4 Re1 $2 {[%mdl 8192]} (58... Kf6 $16 59. Rf4+ Ke6) 59. Kb4 $2 (59. Rd5+ $18 Kxg4 60. Rxb5) 59... Rb1+ $1 $14 60. Ka3 Kh4 $2 {[%mdl 8192] [#]} (60... Kf6 $14) 61. Rb4 Ra1+ 62. Kb2 Ra5 63. Kb3 (63. Rb3 $142 Ra8 64. Rxb5) 63... Kg5 $18 64. Kb2 (64. Rd4 $142 Ra1 65. Rb4) 64... Kh4 $1 65. Rb3 Ra8 66. Rb4 (66. Rxb5 $142 Kxg4 67. c4) 66... Ra5 $1 67. Kb3 Kg5 68. Re4 (68. Rd4 $142 Ra1 69. Rd5+ Kxg4 70. Rxb5) 68... Ra1 (68... Kf6 $142 69. Rd4 Ke5) 69. Re5+ Kxg4 70. Rxb5 {White mates.} Kf4 71. c4 {[%cal Bc3c4,Bc4c5,Bc5c6,Bc6c7][%mdl 32]} Ke4 72. Kb4 Ra8 73. Rb7 Kd4 74. Rd7+ Ke5 75. c5 Ke6 76. c6 Ra1 77. Rd2 Rb1+ 78. Kc5 Ke7 79. c7 Rc1+ 80. Kd5 $2 {[%mdl 32768] Precision: White = 47%, Black = 47%. . Sensor Board Error (Ke4/e5)?} (80. Kb6 {mates} Rb1+ 81. Kc6 Rc1+ 82. Kb7 Rb1+ 83. Kc8 Rb4 84. Re2+ Kf6 85. Kd7 Rd4+ 86. Kc6) 1-0

[Event "Almaty Open 2018"]
[Site "Almaty"]
[Date "2018.10.17"]
[Round "2"]
[White "Fier, Alexandr"]
[Black "Kekelidze, Mikheil"]
[Result "1-0"]
[WhiteElo "2558"]
[BlackElo "2360"]
[Annotator "TA"]
[PlyCount "155"]
[EventDate "2018.10.16"]
[EventType "swiss"]
[EventCountry "KAZ"]
[SourceTitle "playchess.com"]
[Source "ChessBase"]
[SourceQuality "1"]

{[%evp 9,155,11,11,0,17,12,24,18,41,0,20,14,56,51,72,63,116,34,83,79,79,82,80,92,96,90,98,77,97,75,72,73,125,122,123,119,127,115,141,104,108,105,95,82,89,85,81,90,86,96,124,103,219,131,134,121,215,207,214,184,322,131,152,130,191,173,200,164,155,151,188,145,170,168,213,210,307,330,354,194,177,204,646,83,144,135,193,193,190,180,189,164,166,150,212,212,212,212,394,383,353,254,239,229,421,413,453,429,651,638,829,787,1098,358,272,147,149,125,125,125,131,131,408,407,388,376,366,372,412,400,426,442,712,704,862,854,756,697,1885,1657,2125,2039,2035,1811,1783,1716,29990,29991]} 1. e4 e6 2. d4 d5 3. Nd2 c5 4. exd5 Qxd5 5. dxc5 Nf6 6. Ngf3 {C07: French Tarrasch: 3...c5, 4 Ngf3 and 4 exd5 Qxd5} Qxc5 7. Bd3 Be7 8. O-O {White has an edge.} O-O 9. a4 Nbd7 10. a5 Qh5 $146 ({Predecessor:} 10... Qc7 11. Nb3 Nd5 12. c3 Rd8 13. Qe2 {1-0 (44) Tiviakov,S (2580)-Looshnikov,N (2424) Voronezh 2018}) 11. Re1 Rd8 12. Nb3 e5 (12... Ng4 $14) 13. Qe2 (13. Nbd2 $16) 13... Nc5 14. Nxc5 Bxc5 15. Nxe5 (15. Qxe5 $2 Bxf2+ $1 {[%mdl 512]} 16. Kf1 Bxe1 $17) 15... Bg4 16. Qf1 $1 Bd4 17. Nc4 {[%cal Be5c4,Bc4e3,Be3c2][%mdl 32]} Be6 {aiming for ...Ng4.} 18. Ne3 Rac8 19. a6 b6 20. h3 Rc5 (20... Nd5 $142) 21. c3 $16 Be5 22. Ra4 Bb8 23. Nc2 Re5 24. Rxe5 Bxe5 25. Rb4 Bd7 26. Ne3 Bd6 27. Rd4 Qe5 {[%csl Gd6][%cal Re5h2]} 28. f4 Qe7 {Threatening ...Bc5.} 29. b4 g6 30. Qf3 Rc8 (30... Be6 $16) 31. Bd2 ({White should play} 31. Nd5 $1 $18 {[%cal Rd5e7]} Nxd5 32. Qxd5 Qe1+ 33. Kh2 Qxc1 34. Qxd6) 31... Bc6 32. Qg3 {Threatens to win with Nf5.} Nh5 (32... Kf8 $16) 33. Qg4 $1 $18 {[%cal Rg4c8]} Bd7 34. Nd5 Qd8 {[#]} (34... Bxg4 $142 35. Nxe7+ Bxe7) 35. Qf3 (35. Qg5 $1 $18 {is the precise move to win.}) 35... Bc6 $16 36. Be4 Bxd5 (36... Ng7 $16 37. f5 Be5) 37. Bxd5 $18 {Strongly threatening Bb7.} ({Resist} 37. Rxd5 $6 Nf6 $16) 37... Qf6 38. g3 Ng7 39. Re4 h5 40. g4 hxg4 41. hxg4 g5 42. f5 Qh6 (42... Re8 $142 43. Bb3 Bf4) 43. Qh1 Qf6 44. Kg2 (44. Re3 $142) 44... Bf4 45. Be1 Ne8 $2 {[#]} (45... Be5 46. Bb7 Rd8) 46. Qf1 $2 (46. Bf2 $1 $18 {[%cal Rf2d4] Hoping for Bd4.} Qxc3 47. Re7) 46... Qd6 (46... Qh6 $142 47. Qf3 Nf6) 47. Bb7 $16 Rd8 (47... Rb8 $16) 48. Rd4 $18 Qc7 49. Rxd8 Qxd8 50. Bf2 Nf6 51. Qe2 Kg7 (51... Nd5 $16 52. Bd4 Bc7) 52. Bd4 Bb8 53. Kf1 Qd6 $2 (53... Bc7 54. Bf3 Kf8) 54. Qe3 Kh6 55. Qh3+ Kg7 56. Ke2 Qf4 $2 (56... Qe7+ {is a better defense.} 57. Qe3 Kf8) 57. Kd3 Qc1 58. Kc4 Bd6 (58... Qd2 $142 59. Qf3 (59. Bxf6+ Kxf6 60. Qh8+ Ke7 $16) 59... Qe1) 59. Kb5 Qf4 60. Qf3 Qh2 61. c4 $2 (61. Qe3 Qf4 62. Qxf4 Bxf4 63. c4) 61... Be5 62. Bxb6 ({White should try} 62. Qf2 $18 {And now Qxh2 would win.} Qh8 63. Bxb6 Qe8+ 64. Bc6) 62... axb6 $16 63. a7 Ne8 64. a8=Q ({Of course not} 64. Kxb6 $6 Qd2 $11) 64... Nc7+ 65. Kxb6 Bd4+ $2 {[%mdl 8192]} (65... Nxa8+ $16 66. Bxa8 Qb2) 66. c5 $18 Nxa8+ 67. Bxa8 Qd6+ 68. Kb5 Qe7 69. Qe4 Be5 70. Kc4 Qf6 (70... Kf6 $142 71. Qb7 Qd8 72. Qa6+ Kg7) 71. b5 {[%cal Bb4b5,Bb5b6,Bb6b7][%mdl 32]} Bb2 72. Qe3 Qd8 73. Bd5 Bf6 74. b6 Qc8 75. b7 Qb8 76. Kb5 Kf8 77. c6 Be7 78. Qc3 {Precision: White = 55%, Black = 30%.} 1-0

[Event "Almaty Open 2018"]
[Site "Almaty"]
[Date "2018.10.17"]
[Round "2"]
[White "Burmakin, Vladimir"]
[Black "Abdilkhair, Abilmansur"]
[Result "1-0"]
[WhiteElo "2523"]
[BlackElo "2194"]
[Annotator "TA"]
[PlyCount "97"]
[EventDate "2018.10.16"]
[EventType "swiss"]
[EventCountry "KAZ"]
[SourceTitle "playchess.com"]
[Source "ChessBase"]
[SourceQuality "1"]

{[%evp 9,97,169,168,112,164,142,208,162,158,152,258,162,259,246,281,174,261,99,156,147,229,12,16,10,58,51,66,-170,52,39,70,-13,73,73,75,75,80,64,79,76,75,77,135,78,165,110,109,110,175,168,172,145,131,86,95,81,100,87,77,82,100,82,139,148,147,145,156,144,141,164,170,170,171,151,175,170,172,171,190,190,191,178,426,419,411,404,562,555,654,647]} 1. Nf3 Nf6 2. g3 b5 3. d3 Bb7 4. e4 d5 $146 ({Predecessor:} 4... g6 5. e5 Nd5 6. Bg2 Bg7 7. O-O O-O 8. Re1 e6 9. c4 bxc4 10. dxc4 Nb6 {0-1 (32) Svidler,P (2743)-Morozevich,A (2724) Kazan 2014}) 5. e5 Ng8 6. d4 {A05: Réti Opening: 1 Nf3 Nf6} (6. e6 $18) 6... a6 (6... Qd7 $16) 7. e6 fxe6 (7... f5 $16 8. a4 b4) 8. Bh3 {White is clearly better.} Bc8 9. Ng5 Nf6 (9... Nc6 $16 10. a4 (10. Nxe6 Bxe6 11. Bxe6 Qd6 $16) 10... b4) 10. Qe2 c5 (10... Nc6 {was worth a try.}) 11. Bxe6 $18 Nc6 12. c3 (12. dxc5 $6 Bxe6 13. Nxe6 (13. Qxe6 Qc8 $14) 13... Qd7 $18) 12... cxd4 (12... Bxe6 $142 13. Nxe6 (13. Qxe6 Qc8 $16) 13... Qc8) 13. Bf4 $2 (13. Bf7+ $18 {and White stays clearly on top.} Kd7 14. Ne6 (14. Bf4 e5 $11)) 13... Qb6 ({Black should try} 13... Bxe6 14. Nxe6 (14. Qxe6 Qc8 $11) 14... Qc8) 14. Bf7+ $1 $16 Kd8 15. O-O $2 (15. Be6 $1 $18) 15... e5 16. Bxe5 Nxe5 (16... d3 $5 {[%cal Rd3e2]} 17. Bxf6+ gxf6 $16) 17. Qxe5 Bd6 18. Qe2 $2 {[#]} (18. Qxd4 $14 Qxd4 19. cxd4) 18... Bg4 $2 (18... Ra7 $1 $19 {Threatens to win with ...h6.} 19. cxd4 Re7) 19. Qd3 h6 20. Nf3 (20. Ne6+ $14 Ke7 21. Qg6) 20... Qc7 (20... Rf8 $11 21. Bg6 Nd7) 21. Bg6 dxc3 22. Nxc3 Qc4 {And now ...Qxd3 would win.} 23. Rfd1 {[%cal Rc3d5]} Qxd3 24. Rxd3 Bxf3 25. Rxf3 Be5 (25... Kc7 $142) 26. a4 (26. Re1 $142 Bxc3 27. Rxc3 (27. bxc3 Ra7 $16)) 26... d4 (26... Bxc3 $16 27. Rxc3 bxa4) 27. Rd3 ({White should play} 27. Ne2 $18) 27... Nd7 28. Ne4 {Strongly threatening axb5.} Kc7 (28... bxa4 $16 29. Rxa4 Ke7) 29. f4 $18 {Rc1+ is the strong threat.} Bf6 30. Bf5 {Black must now prevent Rc1+.} Rhd8 31. Rb3 Be7 32. axb5 (32. Re1 {is more complex.} Rab8 33. Rc1+ Kb6 34. a5+ Kb7 35. Rd3) 32... axb5 33. Rxa8 Rxa8 34. Rxb5 Nb6 35. Nd2 Kc6 (35... g5 $142) 36. Re5 $16 Ra1+ 37. Kf2 Bd6 38. Be4+ Kc7 39. Rb5 Nd7 40. Nb3 Ra2 41. Nc1 Ra4 {[#]} 42. Nd3 $1 Rc4 43. Rb7+ Kc8 44. Kf3 g5 45. Ra7 {Hoping for Bf5.} Nf6 $2 (45... Nc5) 46. Bf5+ $18 Kd8 47. Ne5 Bxe5 48. fxe5 Rc5 49. Ra8+ {Precision: White = 41%, Black = 41%.} ({Weaker is} 49. exf6 Rxf5+ 50. Ke4 Rxf6 $16) 1-0

[Event "Almaty Open 2018"]
[Site "Almaty"]
[Date "2018.10.17"]
[Round "2"]
[White "Khegay, Dmitriy"]
[Black "Urazayev, Arystanbek"]
[Result "1/2-1/2"]
[WhiteElo "2499"]
[BlackElo "2321"]
[Annotator "TA"]
[PlyCount "132"]
[EventDate "2018.10.16"]
[EventType "swiss"]
[EventCountry "KAZ"]
[SourceTitle "playchess.com"]
[Source "ChessBase"]
[SourceQuality "1"]

{[%evp 18,132,32,14,18,14,18,23,26,33,33,28,23,15,36,8,8,0,0,-32,40,36,50,47,65,54,57,65,41,26,27,8,89,65,124,-26,-28,-29,-26,-34,-23,-22,-30,-33,-33,-33,-39,-40,0,0,9,9,8,11,14,12,8,0,0,5,6,6,20,11,12,12,22,22,22,8,8,9,12,16,20,16,19,19,16,16,20,0,0,0,0,0,0,0,0,0,0,0,0,0,0,0,0,0,0,0,0,0,0,0,0,0,0,0,0,0,0,0,0,0,0,0,29990]} 1. g3 e5 2. c4 Nc6 3. Bg2 f5 4. e3 Nf6 5. Nc3 g6 6. Nge2 Bg7 7. O-O O-O 8. b3 d6 9. Bb2 Ne7 {A25: English Opening vs King's Indian with ...Nc6 but without early d3} (9... e4 10. d3 exd3 11. Qxd3 Be6 12. Rad1 Bf7 13. Qd2 g5 14. Nd4 Nxd4 15. exd4 f4 16. Bxb7 Rb8 17. Bg2 {0-1 (60) Lai,H (2557)-Fier,A (2493) Amsterdam 2017}) 10. d3 {LiveBook: 7 Games} c6 11. Qd2 Be6 12. f4 Bf7 13. Kh1 $146 ({Predecessor:} 13. Rad1 exf4 14. gxf4 d5 15. Kh1 Re8 {½-½ (40) Bilek,I (2380)-Baumegger,S (2360) Budapest 1997}) 13... Qc7 14. Rac1 Rad8 15. e4 Rfe8 16. h3 Qd7 17. exf5 gxf5 18. Qe3 e4 (18... exf4 $15 19. Nxf4 (19. Qxf4 d5 $11) 19... Ned5 20. Qxa7 Ne3) 19. dxe4 $14 fxe4 20. g4 (20. Nxe4 $2 Nxe4 21. Bxg7 Nf5 $19) 20... d5 21. Rcd1 (21. Qxa7 Nxg4 22. f5 Nf6 $11) 21... Nxg4 22. hxg4 Qxg4 23. Qh3 Bh5 24. Rg1 {Strongly threatening Qh2.} Nf5 (24... d4 $11 {remains equal.}) 25. cxd5 Rd6 $1 {[%cal Bd8d6,Bd6h6,Bh6h2][%mdl 32] [#] And now ...Rh6 would win.} ({Avoid the trap} 25... cxd5 $2 26. Rxd5 (26. Qxg4 Bxg4 27. Bxe4 Bxe2 $16) 26... Qxh3+ 27. Bxh3 $18) 26. Qxg4 ({Worse is} 26. Nxe4 Qxh3+ 27. Bxh3 Rxe4 $15) (26. Bf1 $1 $16 Qf3+ 27. Bg2) 26... Bxg4 $11 27. Bxe4 Rh6+ 28. Kg2 {[%cal Bh1g2,Bg2f2,Bf2g3][%mdl 32] Threatens to win with Rd2.} Ne3+ 29. Kf2 $1 {[%cal Rf2e3]} Nxd1+ 30. Nxd1 Rh2+ 31. Kg3 Rxe2 32. Kxg4 {[#] aiming for Kf3.} Bxb2 33. Kf3+ {The position is equal.} Bg7 34. Kxe2 Rxe4+ {[%mdl 4096] Endgame KRB-KRN} 35. Kf3 cxd5 36. Ne3 Kf7 37. Nxd5 Rd4 38. Ne3 Rd2 39. Rc1 Rd7 40. Rh1 h6 41. Nf5 Kg6 42. Ke4 Bf8 43. Nh4+ Kf6 44. Nf3 Rh7 45. Rh5 Bd6 46. Rf5+ Ke6 47. Nd4+ Ke7 $1 48. Rh5 Kf6 49. f5 Bb4 50. Nf3 Re7+ 51. Kd5 Rd7+ 52. Kc4 Bd2 53. Nxd2 Rxd2 54. Rxh6+ Kxf5 {KR-KR} 55. a4 {Hoping for Rh7.} Rd7 56. b4 Ke5 57. a5 a6 58. Rb6 Rc7+ 59. Kb3 Kd5 60. b5 axb5 61. Kb4 Rc4+ 62. Kxb5 Rc5+ 63. Kb4 Rc4+ 64. Kb3 {Rb5+ is the strong threat.} (64. Kb5 $5 {[%cal Rb6b7]}) 64... Rc5 65. Rh6 Rb5+ 66. Ka4 Ke4 $2 {[%mdl 40960] Precision: White = 56%, Black = 69%. . An unexpected result.} (66... Rb1 $11) 1/2-1/2

[Event "Almaty Open 2018"]
[Site "Almaty"]
[Date "2018.10.17"]
[Round "2"]
[White "Kislinsky, Alexey"]
[Black "Primbetov, Marat"]
[Result "1/2-1/2"]
[WhiteElo "2430"]
[BlackElo "2266"]
[Annotator "TA"]
[PlyCount "99"]
[EventDate "2018.10.16"]
[EventType "swiss"]
[EventCountry "KAZ"]
[SourceTitle "playchess.com"]
[Source "ChessBase"]
[SourceQuality "1"]

{[%evp 11,99,0,0,-15,21,0,2,16,10,0,44,52,135,144,110,89,85,75,124,114,109,96,108,119,143,115,166,169,193,194,197,159,177,193,179,163,173,172,172,167,229,220,218,206,236,241,231,211,265,263,266,264,290,290,267,261,254,245,239,242,233,202,283,283,272,254,394,394,385,383,443,443,443,443,29974,29975,29975,29976,29976,29977,29977,29978,29977,29976,29987,29988,29988,29989,29989,29990]} 1. e4 c5 2. c3 e6 3. d4 d5 4. Nd2 dxe4 5. Nxe4 cxd4 6. cxd4 Nf6 {LiveBook: 13 Partien. C07: Französische Verteidigung (Tarrasch-Variante)} 7. Nxf6+ (7. Bd3 Bd7 8. Nc3 Bc6 9. Nf3 Nbd7 10. O-O Be7 11. Qe2 O-O 12. Ne5 Nxe5 13. dxe5 Nd5 14. Rd1 g6 15. Bd2 {0-1 (51) Heberla,B (2531)-Vallejo Pons,F (2689) Germany 2016}) 7... gxf6 $146 ({Vorgänger:} 7... Qxf6 8. a3 Nc6 9. Nf3 h6 10. Bd3 Bd7 11. Be3 Bd6 12. Rc1 Rd8 13. Be4 Qe7 14. Rc3 {1-0 (30) Kislinsky,A (2532)-Orzechowski,J (2234) Orlova 2012}) 8. a3 Bd7 {Die Stellung ist ausgeglichen.} 9. Ne2 Bc6 10. Nf4 Na6 11. d5 Bxd5 ({Günstiger ist} 11... exd5 $14 12. Bd3 Qe7+ 13. Be2 O-O-O) 12. Nxd5 $16 Qxd5 13. Qxd5 (13. Qa4+ {feels hotter.} Ke7 14. Be3 Nc5 15. Qc2 Ne4 16. Rd1) 13... exd5 14. Bb5+ Kd8 15. Bxa6 $1 bxa6 16. Be3 Kc7 17. O-O-O {[%mdl 1024] Weiss hat starke Kompensation.} Kc6 18. Rd3 Rg8 (18... Rd8 $16) 19. g3 $1 $18 Rg4 {[#]} 20. f4 $1 h5 21. Rhd1 Rd8 22. Bxa7 h4 23. Bd4 hxg3 24. hxg3 Be7 25. Kb1 Rb8 (25... Rc8 $142 26. Re1 Bd8) 26. Rc1+ Kd7 27. Bf2 Ke8 28. Rc7 {Droht Te3 und aus.} Bd8 29. Rc6 a5 30. Rxd5 Rg6 31. Rc3 Rh6 32. Ba7 Rb7 33. Re3+ Re7 {[#]} 34. Rxe7+ $1 Kxe7 {[%mdl 4096] Endspiel KTL-KTL} 35. Bc5+ Ke8 36. Rd3 Rh1+ (36... Rh5 $142) 37. Kc2 Rh2+ 38. Kc3 f5 (38... a4 $142 39. b4 axb3) 39. b4 axb4+ 40. axb4 {[%cal Ba3b4,Bb4b5,Bb5b6,Bb6b7][%mdl 32]} Bf6+ 41. Kc4 Rc2+ 42. Kb5 Rc3 (42... Bc3 $18 43. Ka6 Ra2+ 44. Kb6 Rc2) 43. Rxc3 {Weiß setzt Matt.} Bxc3 {KL-KL} 44. Kc6 Be1 45. b5 Bxg3 46. Bd6 Bf2 47. b6 Be3 48. b7 {[%cal Rb7b8]} Ba7 49. Kc7 f6 50. Bc5 {[%mdl 32768] Precision: Weiß = 86%, Schwarz = 53%. . An unexpected result.} 1/2-1/2

[Event "Almaty Open 2018"]
[Site "Almaty"]
[Date "2018.10.17"]
[Round "2"]
[White "Akhmetov, Ayan"]
[Black "Hamitevici, Vladimir"]
[Result "1/2-1/2"]
[WhiteElo "2409"]
[BlackElo "2505"]
[Annotator "TA"]
[PlyCount "92"]
[EventDate "2018.10.16"]
[EventType "swiss"]
[EventCountry "KAZ"]
[SourceTitle "playchess.com"]
[Source "ChessBase"]
[SourceQuality "1"]

{[%evp 19,92,34,42,21,28,16,50,21,51,15,27,0,0,0,0,0,14,20,39,31,32,0,0,0,16,0,0,0,0,0,60,0,0,0,0,0,0,0,-10,0,0,-21,-15,-25,-8,-10,-8,-8,-15,-14,-9,-16,-4,-36,18,6,80,80,80,80,80,80,80,0,0,0,0,0,0,0,14,14,14,14,25]} 1. e4 c6 2. d4 d5 3. Nd2 dxe4 4. Nxe4 Nf6 5. Nxf6+ exf6 6. c3 Bd6 7. Bd3 O-O 8. Qc2 Re8+ {B15: Caro-Kann: 3 Nc3: 3...g6 and 3...dxe4 4 Nxe4 Nf6 5 Nxf6+ exf6} 9. Ne2 h5 10. Be3 Nd7 {LiveBook: 24 Games. White is slightly better.} 11. O-O Nf8 12. c4 h4 13. h3 {[#]} Be6 $146 ({Predecessor:} 13... Bc7 14. Rad1 Qd6 15. Bf4 Rxe2 16. Bxd6 Rxc2 {½-½ (56) Kanmazalp,O (2473)-Motylev,A (2669) Batumi 2018}) 14. Rfd1 Rc8 15. Bf4 Ng6 16. Bxd6 Qxd6 17. Rd2 Ne7 18. Rad1 a6 19. Nc3 f5 20. d5 cxd5 21. cxd5 Bd7 22. Qb3 b5 23. a3 Ng6 24. Qb4 Qb6 ({Better is} 24... Rc5 $11) 25. Be2 (25. Bf1 $14) 25... a5 $11 26. Qb3 $1 {[%cal Re2b5]} b4 27. axb4 axb4 28. d6 Be6 29. Nd5 Qxd6 30. Qxb4 Qxb4 31. Nxb4 Nf4 32. Bb5 Re7 33. Nc6 $36 {[%mdl 2048] Black is under pressure.} Rec7 $1 {[%cal Rc7c6]} 34. Nd4 Rb8 35. Bf1 Rb4 36. Nb5 Rc5 (36... Rb7 $15 37. Rd8+ Kh7) 37. Rd4 Rcxb5 (37... Rxd4 $11 38. Nxd4 Rd5) 38. Bxb5 $16 Rxb5 39. Rxf4 $11 {[%mdl 4096] Endgame KRR-KRB} g5 40. Ra4 {aiming for b4.} Rxb2 41. f4 (41. f3 $16) 41... g4 $1 {The position is equal.} 42. hxg4 fxg4 43. Ra5 {Hoping for Rg5+.} Kg7 44. Rh5 h3 45. gxh3 gxh3 46. f5 Bc8 {Precision: White = 55%, Black = 52%.} 1/2-1/2